| 000 | 00593nam a22001817a 4500 | ||
|---|---|---|---|
| 005 | 20251108165842.0 | ||
| 008 | 250721s1997 xx 000 0 ara d | ||
| 082 | 1 | 4 | _a610.0285/عبد |
| 100 | 1 | _aعبدالمجيد، عبد المجيد | |
| 245 | 1 | 0 |
_aمواقع الإنترنت الطبية : _bعناوين إنترنت لجميع التخصصات و عناوين الخدمات / |
| 264 | 1 |
_aالقاهرة : _bابن سينا، _c1997. |
|
| 300 | _a256ص | ||
| 650 | 1 | 7 | _aالطب |
| 650 | 1 | 7 | _aالحواسيب |
| 650 | 1 | 7 | _aالإنترنت |
| 942 |
_2ddc _cBK |
||
| 999 |
_c32965 _d32965 |
||